ARRUPE JESUIT UNIVERSITY

CORONAVIRUS -STOP THE SPREAD - CLEAN,DISINFECT,COVER

Nietzsche : (Record no. 120811)

MARC details
000 -LEADER
fixed length control field 01460pam a22004214a 4500
001 - CONTROL NUMBER
control field 6227635
003 - CONTROL NUMBER IDENTIFIER
control field ARRUPE
005 - DATE AND TIME OF LATEST TRANSACTION
control field 20150429020006.0
008 - FIXED-LENGTH DATA ELEMENTS--GENERAL INFORMATION
fixed length control field 061013s2007 enk b 001 0 eng
010 ## - LIBRARY OF CONGRESS CONTROL NUMBER
LC control number 2006034099
015 ## - NATIONAL BIBLIOGRAPHY NUMBER
National bibliography number GBA704726
Source bnb
016 7# - NATIONAL BIBLIOGRAPHIC AGENCY CONTROL NUMBER
Record control number 013645706
Source Uk
020 ## - INTERNATIONAL STANDARD BOOK NUMBER
International Standard Book Number 9780826489241
020 ## - INTERNATIONAL STANDARD BOOK NUMBER
International Standard Book Number 0826489249
020 ## - INTERNATIONAL STANDARD BOOK NUMBER
International Standard Book Number 0826489257 (pbk.)
020 ## - INTERNATIONAL STANDARD BOOK NUMBER
International Standard Book Number 9780826489258 (pbk.)
029 1# - (OCLC)
OCLC library identifier YDXCP
System control number 2499340
029 1# - (OCLC)
OCLC library identifier YDXCP
System control number 2499341
035 ## - SYSTEM CONTROL NUMBER
System control number (OCoLC)OCM74029233
035 ## - SYSTEM CONTROL NUMBER
System control number (OCoLC)74029233
035 ## - SYSTEM CONTROL NUMBER
System control number (NNC)6227635
040 ## - CATALOGING SOURCE
Original cataloging agency DLC
Transcribing agency DLC
Modifying agency BAKER
-- UKM
-- BTCTA
-- YDXCP
-- C#P
050 00 - LIBRARY OF CONGRESS CALL NUMBER
Classification number B3317
Item number .H5355 2007
082 00 - DEWEY DECIMAL CLASSIFICATION NUMBER
Classification number 193
Edition number 22
300 ## - PHYSICAL DESCRIPTION
Dimensions 22 cm.
100 1# - MAIN ENTRY--PERSONAL NAME
Personal name Hill, R. Kevin.
9 (RLIN) 11181
245 10 - TITLE STATEMENT
Title Nietzsche :
Remainder of title a guide for the perplexed /
Statement of responsibility, etc R. Kevin Hill.
260 ## - PUBLICATION, DISTRIBUTION, ETC. (IMPRINT)
Place of publication, distribution, etc London ;
-- New York :
Name of publisher, distributor, etc Continuum,
Date of publication, distribution, etc c2007.
300 ## - PHYSICAL DESCRIPTION
Extent x, 204 p. ;
490 1# - SERIES STATEMENT
Series statement Guides for the perplexed
504 ## - BIBLIOGRAPHY, ETC. NOTE
Bibliography, etc Includes bibliographical references (p. 195-199) and index.
505 0# - FORMATTED CONTENTS NOTE
Formatted contents note Nietzsche's writings -- Nihilism, will to power, and value -- Perspectivism -- Critique of morality -- Heidegger's Nietzsche -- A different Nietzsche.
600 10 - SUBJECT ADDED ENTRY--PERSONAL NAME
Personal name Nietzsche, Friedrich Wilhelm,
Dates associated with a name 1844-1900.
9 (RLIN) 11182
830 #0 - SERIES ADDED ENTRY--UNIFORM TITLE
Uniform title Guides for the perplexed.
9 (RLIN) 11161
856 41 - ELECTRONIC LOCATION AND ACCESS
Materials specified Table of contents only
Uniform Resource Identifier <a href="http://www.loc.gov/catdir/toc/ecip073/2006034099.html">http://www.loc.gov/catdir/toc/ecip073/2006034099.html</a>
942 ## - ADDED ENTRY ELEMENTS (KOHA)
Source of classification or shelving scheme Library of Congress Classification
Koha item type Monograph ( Printed materials)
Koha issues (borrowed), all copies 7
948 1# - LOCAL PROCESSING INFORMATION (OCLC); SERIES PART DESIGNATOR (RLIN)
Series part designator, SPT (RLIN) 20070713
b (OCLC) c
c (OCLC) dc21
d (OCLC) MPS
Holdings
Withdrawn status Lost status Source of classification or shelving scheme Damaged status Not for loan Collection code Home library Current library Shelving location Date acquired Total Checkouts Full call number Barcode Checked out Date last seen Date checked out Price effective from Koha item type
    Library of Congress Classification     Main Collection ARRUPE LIBRARY ARRUPE LIBRARY Main Collection 10/09/2014 7 B3317 .H5355 2007 46500001761 28/05/2015 28/04/2015 28/04/2015 10/09/2014 Monograph ( Printed materials)

 

Arrupe Library. PO Box MP320 Mt Pleasant, Harare, Zimbabwe
263 242 745411|librarian@aju.ac.zw